[Event "NAYCC U10"]
[Site "Toronto CAN"]
[Date "2013.08.17"]
[Round "6"]
[White "Low, Ethan"]
[Black "Moreno Vasquez, Esteban"]
[Result "1-0"]
[WhiteElo "1397"]
[BlackElo "1717"]
[PlyCount "99"]
[GameId "2160767909258864"]
[EventDate "2013.08.14"]
[EventType "swiss"]
[EventRounds "9"]
[EventCountry "CAN"]
[SourceTitle "EXT 2022"]
[Source "ChessBase"]
[SourceDate "2021.10.06"]
[SourceVersion "1"]
[SourceVersionDate "2021.10.06"]
[SourceQuality "1"]

1. e4 e5 2. Nf3 Nc6 3. Bc4 Bc5 4. c3 Nf6 5. d3 h6 6. Nbd2 O-O 7. O-O a6 8. Bb3 b5 9. h3 d6 10. Re1 Re8 11. Nf1 Bb7 12. Ng3 Ne7 13. Nh4 Bc8 14. Qf3 a5 15. Bxh6 a4 16. Bc2 Ng6 17. Nxg6 fxg6 18. Be3 Bxe3 19. Qxe3 Bb7 20. Qg5 Kh7 21. d4 Nh5 22. Qxd8 Raxd8 23. Nxh5 gxh5 24. Rad1 Rf8 25. Bd3 c6 26. Re3 Rf7 27. Be2 g6 28. dxe5 Rfd7 29. Red3 d5 30. R3d2 Ba6 31. exd5 Rxd5 32. Rxd5 Rxd5 33. Rxd5 cxd5 34. Kf1 Kg7 35. Bd3 g5 36. g3 Kf7 37. f4 gxf4 38. gxf4 h4 39. Ke2 Ke6 40. Kf3 d4 41. Kg4 dxc3 42. bxc3 Kd5 43. Kf5 a3 44. Kf6 Kc6 45. e6 Bc8 46. f5 Kd6 47. Bxb5 Bxe6 48. fxe6 Kc7 49. e7 Kc8 50. e8=Q+ 1-0

[Event "NAYCC U10"]
[Site "Toronto CAN"]
[Date "2013.08.17"]
[Round "6"]
[White "Mirabelli, Aidan"]
[Black "Ruan, Colin"]
[Result "0-1"]
[WhiteElo "913"]
[BlackElo "1186"]
[PlyCount "112"]
[GameId "2160767909258865"]
[EventDate "2013.08.14"]
[EventType "swiss"]
[EventRounds "9"]
[EventCountry "CAN"]
[SourceTitle "EXT 2022"]
[Source "ChessBase"]
[SourceDate "2021.10.06"]
[SourceVersion "1"]
[SourceVersionDate "2021.10.06"]
[SourceQuality "1"]

1. e4 c5 2. Nf3 Nc6 3. Nc3 e6 4. Bc4 d6 5. d3 Nf6 6. Bg5 Be7 7. Bxf6 Bxf6 8. Qd2 O-O 9. O-O-O e5 10. Nd5 a6 11. Kb1 b5 12. Bb3 a5 13. a3 Be6 14. Rhe1 Qd7 15. Nb6 Qa7 16. Nxa8 Rxa8 17. Bxe6 fxe6 18. Ng5 b4 19. a4 Nd4 20. h4 b3 21. c3 Nc2 22. Rh1 d5 23. Nxe6 Qb6 24. Ng5 Qc6 25. Nf3 Qxa4 26. Qxc2 bxc2+ 27. Kc1 cxd1=Q+ 28. Rxd1 Qa1+ 29. Kc2 Qa4+ 30. Kc1 Qb3 31. Nd2 Qb5 32. exd5 Rb8 33. b3 Qxd3 34. Ne4 Qb5 35. b4 axb4 36. Rd2 bxc3 37. Nxc3 Qb3 38. Rc2 Bxh4 39. g3 Bg5+ 40. Kd1 e4 41. d6 Qc4 42. Ne2 Qd3+ 43. Ke1 Rb1+ 44. Rc1 Qd2+ 45. Kf1 Rxc1+ 46. Nxc1 Qxc1+ 47. Kg2 Qd2 48. Kh3 Qxf2 49. Kg4 e3 50. Kxg5 e2 51. d7 Qf6+ 52. Kg4 e1=Q 53. Kh3 Qg5 54. g4 Qc3+ 55. Kg2 Qgd2+ 56. Kf1 Qa1# 0-1

[Event "NAYCC U10"]
[Site "Toronto CAN"]
[Date "2013.08.17"]
[Round "6"]
[White "Miranda-Radbord, Cameron"]
[Black "Atanasov, David"]
[Result "0-1"]
[WhiteElo "709"]
[BlackElo "1076"]
[PlyCount "54"]
[GameId "2160767909258866"]
[EventDate "2013.08.14"]
[EventType "swiss"]
[EventRounds "9"]
[EventCountry "CAN"]
[SourceTitle "EXT 2022"]
[Source "ChessBase"]
[SourceDate "2021.10.06"]
[SourceVersion "1"]
[SourceVersionDate "2021.10.06"]
[SourceQuality "1"]

1. e4 c5 2. Nc3 d6 3. Bc4 Nf6 4. Nf3 g6 5. Ng5 e6 6. d3 Bg7 7. O-O O-O 8. Bd2 Nc6 9. Re1 Re8 10. Rb1 b6 11. Bb5 Bd7 12. Bxc6 Bxc6 13. Qf3 Qe7 14. Qe2 b5 15. d4 b4 16. Nb5 a6 17. d5 exd5 18. e5 axb5 19. exd6 Qxe2 20. Rxe2 Rxe2 21. Nf3 Rxa2 22. Bg5 Rxc2 23. h3 Rcxb2 24. Rxb2 Rxb2 25. Ne5 Nd7 26. Nxd7 Bxd7 27. Bc1 Rb1 0-1

[Event "NAYCC U10"]
[Site "Toronto CAN"]
[Date "2013.08.17"]
[Round "6"]
[White "Niemann, Hans Moke"]
[Black "Corvera Choi, Kemos"]
[Result "1-0"]
[WhiteElo "1835"]
[BlackElo "1667"]
[PlyCount "57"]
[GameId "2160767909258867"]
[EventDate "2013.08.14"]
[EventType "swiss"]
[EventRounds "9"]
[EventCountry "CAN"]
[SourceTitle "EXT 2022"]
[Source "ChessBase"]
[SourceDate "2021.10.06"]
[SourceVersion "1"]
[SourceVersionDate "2021.10.06"]
[SourceQuality "1"]

1. e4 c5 2. Nf3 d6 3. d4 cxd4 4. Nxd4 Nf6 5. Nc3 a6 6. Bg5 e6 7. f4 Be7 8. Bc4 Qc7 9. Bb3 Nbd7 10. Bxe6 fxe6 11. Nxe6 Qc6 12. Nxg7+ Kf7 13. Nf5 h5 14. Nd5 Bd8 15. Nxf6 Bxf6 16. Nxd6+ Ke7 17. Nf5+ Ke8 18. O-O Bxg5 19. fxg5 Kd8 20. Qd4 Re8 21. Rae1 Kc7 22. e5 Kb8 23. Qd6+ Qxd6 24. exd6 Ne5 25. Ne7 Nd7 26. Nxc8 Rxc8 27. Re7 Rd8 28. Rff7 Nc5 29. b4 1-0

[Event "NAYCC U10"]
[Site "Toronto CAN"]
[Date "2013.08.17"]
[Round "6"]
[White "Noritsyn, Sergey"]
[Black "Ming, Wenyang"]
[Result "1-0"]
[WhiteElo "2006"]
[BlackElo "1815"]
[PlyCount "113"]
[GameId "2160767909258868"]
[EventDate "2013.08.14"]
[EventType "swiss"]
[EventRounds "9"]
[EventCountry "CAN"]
[SourceTitle "EXT 2022"]
[Source "ChessBase"]
[SourceDate "2021.10.06"]
[SourceVersion "1"]
[SourceVersionDate "2021.10.06"]
[SourceQuality "1"]

1. e4 c5 2. Nf3 d6 3. c3 Nf6 4. h3 g6 5. Bd3 Bg7 6. Bc2 O-O 7. O-O Nc6 8. a3 Bd7 9. d4 cxd4 10. cxd4 Rc8 11. Nc3 Na5 12. Qe2 e6 13. e5 Ne8 14. Bf4 d5 15. Ng5 Qb6 16. Rfd1 Qxb2 17. Bxg6 Qxe2 18. Bxh7+ Kh8 19. Nxe2 f6 20. exf6 Rxf6 21. Bd3 Nb3 22. Rab1 Nxd4 23. Nxd4 Rxf4 24. Ndxe6 Bxe6 25. Nxe6 Rf7 26. Bg6 Re7 27. Bf5 Rc6 28. Nf4 Rf7 29. Rxd5 Nd6 30. Ng6+ Kh7 31. Bd3 Kh6 32. g4 Bf6 33. Ne5 Bxe5 34. Rxe5 Kg7 35. Rb3 a6 36. Kg2 b5 37. h4 Rf4 38. Kg3 Rf6 39. g5 Rf8 40. h5 Nf7 41. Re7 Kg8 42. f4 Rb6 43. g6 Nh6 44. Rh7 Nf5+ 45. Bxf5 Rxf5 46. Re3 Rff6 47. Re8+ Rf8 48. Rxf8+ Kxf8 49. f5 Kg8 50. Kg4 a5 51. Ra7 b4 52. h6 Rb8 53. h7+ Kh8 54. Kg5 b3 55. Kh6 Rg8 56. hxg8=Q+ Kxg8 57. Ra8# 1-0

[Event "NAYCC U10"]
[Site "Toronto CAN"]
[Date "2013.08.17"]
[Round "6"]
[White "Rajsic, William"]
[Black "Liu, Daniel1"]
[Result "0-1"]
[WhiteElo "1209"]
[BlackElo "1627"]
[PlyCount "68"]
[GameId "2160767909258869"]
[EventDate "2013.08.14"]
[EventType "swiss"]
[EventRounds "9"]
[EventCountry "CAN"]
[SourceTitle "EXT 2022"]
[Source "ChessBase"]
[SourceDate "2021.10.06"]
[SourceVersion "1"]
[SourceVersionDate "2021.10.06"]
[SourceQuality "1"]

1. Nf3 d5 2. g3 Nc6 3. Bg2 e5 4. d3 Bc5 5. O-O f5 6. b3 Nf6 7. Bb2 Bd6 8. e3 O-O 9. Nc3 h6 10. Qd2 a6 11. Rfe1 Qe8 12. e4 d4 13. Nd5 Qf7 14. Nxf6+ Qxf6 15. c4 Bb4 16. Qe2 Bxe1 17. Rxe1 f4 18. gxf4 Qxf4 19. Bc1 Qf6 20. Nd2 Ne7 21. Ba3 Rf7 22. Bxe7 Qxe7 23. Rf1 Qg5 24. Kh1 Bg4 25. Qe1 Raf8 26. f3 Be6 27. Rg1 Qf4 28. Nf1 Rf6 29. Ng3 Rg6 30. Nh5 Qg5 31. Ng3 Rf4 32. Ne2 Rh4 33. h3 Bxh3 34. Bxh3 Rxh3# 0-1

[Event "NAYCC U10"]
[Site "Toronto CAN"]
[Date "2013.08.17"]
[Round "6"]
[White "Ren, Gaven"]
[Black "Atanasov, Dimitar"]
[Result "0-1"]
[WhiteElo "716"]
[BlackElo "916"]
[PlyCount "104"]
[GameId "2160767909258870"]
[EventDate "2013.08.14"]
[EventType "swiss"]
[EventRounds "9"]
[EventCountry "CAN"]
[SourceTitle "EXT 2022"]
[Source "ChessBase"]
[SourceDate "2021.10.06"]
[SourceVersion "1"]
[SourceVersionDate "2021.10.06"]
[SourceQuality "1"]

1. Nf3 d5 2. g3 Nf6 3. Bg2 e6 4. O-O Be7 5. d4 O-O 6. Nc3 c5 7. e3 Nc6 8. b3 Re8 9. Qd3 cxd4 10. exd4 Bf8 11. Bb2 g6 12. Rfe1 Bg7 13. Rad1 b6 14. a4 Bb7 15. h3 Qc7 16. Nb5 Qd7 17. c3 Rad8 18. Ba3 Ne4 19. Nd2 Nxd2 20. Rxd2 Bf8 21. Bxf8 Rxf8 22. Re3 Qe7 23. b4 a5 24. bxa5 Nxa5 25. Rde2 Ba6 26. Re1 Nc4 27. R3e2 Bxb5 28. axb5 Qd7 29. Rb1 Ra8 30. Reb2 Nxb2 31. Rxb2 Ra1+ 32. Kh2 Ra5 33. Qb1 Rfa8 34. Qd3 Ra2 35. Rxa2 Rxa2 36. Kg1 Ra5 37. Bf1 Ra3 38. Kg2 Qc7 39. Qc2 Qxc3 40. Qe2 Ra4 41. Qf3 Qxf3+ 42. Kxf3 Rxd4 43. Ke3 Rb4 44. Kd3 Rxb5 45. Kd4 Ra5 46. Bg2 Ra8 47. f4 Rb8 48. Bxd5 exd5 49. Kxd5 b5 50. g4 h5 51. gxh5 gxh5 52. f5 f6 0-1

[Event "NAYCC U10"]
[Site "Toronto CAN"]
[Date "2013.08.17"]
[Round "6"]
[White "Talukdar, Rohan"]
[Black "Hua, Eugene"]
[Result "1/2-1/2"]
[WhiteElo "1651"]
[BlackElo "1775"]
[PlyCount "68"]
[GameId "2160767909258871"]
[EventDate "2013.08.14"]
[EventType "swiss"]
[EventRounds "9"]
[EventCountry "CAN"]
[SourceTitle "EXT 2022"]
[Source "ChessBase"]
[SourceDate "2021.10.06"]
[SourceVersion "1"]
[SourceVersionDate "2021.10.06"]
[SourceQuality "1"]

1. d4 Nf6 2. Nf3 d5 3. Bf4 Bf5 4. e3 c6 5. c4 Nbd7 6. Nc3 h6 7. Qb3 Qb6 8. Qxb6 Nxb6 9. c5 Nbd7 10. h3 b6 11. b4 bxc5 12. bxc5 g5 13. Bh2 Bg7 14. Rc1 O-O 15. Ba6 Rae8 16. Bb7 Nb8 17. Bxb8 Rxb8 18. Bxc6 e6 19. Ba4 a6 20. Bb3 Rfc8 21. O-O Nd7 22. Rfd1 Bf6 23. g4 Bg6 24. Ba4 Rc7 25. Bxd7 Rxd7 26. Na4 Rb4 27. Nb6 Rc7 28. a4 a5 29. Ne1 Bd8 30. Nf3 f6 31. Ra1 Rb7 32. Nc8 Bc2 33. Rdc1 Bxa4 34. Nd6 Rc7 1/2-1/2

[Event "NAYCC U10"]
[Site "Toronto CAN"]
[Date "2013.08.17"]
[Round "6"]
[White "Tang, Daniel"]
[Black "Luo, Benett"]
[Result "0-1"]
[WhiteElo "933"]
[BlackElo "749"]
[PlyCount "52"]
[GameId "2160767909258872"]
[EventDate "2013.08.14"]
[EventType "swiss"]
[EventRounds "9"]
[EventCountry "CAN"]
[SourceTitle "EXT 2022"]
[Source "ChessBase"]
[SourceDate "2021.10.06"]
[SourceVersion "1"]
[SourceVersionDate "2021.10.06"]
[SourceQuality "1"]

1. d4 d5 2. c4 e6 3. Nc3 Nf6 4. Bf4 c5 5. cxd5 exd5 6. Nf3 Nc6 7. e3 Bg4 8. Be2 Be7 9. h3 Be6 10. Nb5 O-O 11. Nc7 Rc8 12. Nxe6 fxe6 13. Qa4 Qb6 14. Qa3 cxd4 15. Qb3 Nb4 16. Nxd4 Nh5 17. Bxh5 Bf6 18. Nf3 Nc2+ 19. Ke2 Qxb3 20. axb3 Nxa1 21. Rxa1 a6 22. Bg5 Bxb2 23. Ra4 e5 24. Nh4 Rc2+ 25. Kd3 Rcxf2 26. Ra2 e4# 0-1

[Event "NAYCC U10"]
[Site "Toronto CAN"]
[Date "2013.08.17"]
[Round "6"]
[White "Wang, Frank"]
[Black "Wang, Andrew B"]
[Result "0-1"]
[WhiteElo "1374"]
[BlackElo "1745"]
[PlyCount "54"]
[GameId "2160767909258874"]
[EventDate "2013.08.14"]
[EventType "swiss"]
[EventRounds "9"]
[EventCountry "CAN"]
[SourceTitle "EXT 2022"]
[Source "ChessBase"]
[SourceDate "2021.10.06"]
[SourceVersion "1"]
[SourceVersionDate "2021.10.06"]
[SourceQuality "1"]

1. e4 e5 2. Nf3 Nc6 3. Bc4 Nf6 4. Nc3 Nxe4 5. Nxe4 d5 6. Bb5 dxe4 7. Nxe5 Qg5 8. d4 Qxg2 9. Rf1 a6 10. Ba4 Bh3 11. Bxc6+ bxc6 12. Qe2 Bd6 13. Be3 Bxe5 14. dxe5 O-O 15. O-O-O Bg4 16. Qc4 Bxd1 17. Rxd1 Rad8 18. Bd4 Qg5+ 19. Rd2 Rd5 20. c3 Rfd8 21. Qxc6 Qg1+ 22. Kc2 Qxh2 23. Qxc7 f6 24. Qc6 fxe5 25. Qe6+ Kh8 26. Be3 Rxd2+ 27. Bxd2 Qxf2 0-1

[Event "NAYCC U10"]
[Site "Toronto CAN"]
[Date "2013.08.17"]
[Round "6"]
[White "Xiong, Dylan"]
[Black "Zeng, Leo"]
[Result "1-0"]
[WhiteElo "727"]
[BlackElo "1002"]
[PlyCount "117"]
[GameId "2160767909258875"]
[EventDate "2013.08.14"]
[EventType "swiss"]
[EventRounds "9"]
[EventCountry "CAN"]
[SourceTitle "EXT 2022"]
[Source "ChessBase"]
[SourceDate "2021.10.06"]
[SourceVersion "1"]
[SourceVersionDate "2021.10.06"]
[SourceQuality "1"]

1. e4 e5 2. Nf3 d6 3. Bc4 g6 4. Nc3 Bg7 5. d3 Nc6 6. O-O Nf6 7. h3 O-O 8. Be3 a6 9. a4 Nb4 10. Qd2 Bd7 11. Ne2 c5 12. c3 Nc6 13. Bh6 Ne7 14. Bxg7 Kxg7 15. Nh4 Kg8 16. f4 Nh5 17. fxe5 dxe5 18. Qg5 Nc6 19. Qxd8 Raxd8 20. g4 Ng7 21. Rf3 Ne8 22. Raf1 Nd6 23. Bd5 Be6 24. Bxc6 bxc6 25. b4 cxb4 26. cxb4 Rb8 27. Rb1 c5 28. Nc3 cxb4 29. Nd5 Bxd5 30. exd5 e4 31. dxe4 Nxe4 32. Re3 Nd6 33. Reb3 a5 34. Nf3 Nc4 35. Rc1 Nd6 36. Ne5 Rbd8 37. Nc6 Rc8 38. Ne7+ Kg7 39. Nxc8 Nxc8 40. Rc5 Nb6 41. Rxa5 Nc4 42. Rc5 Ne5 43. d6 Nd7 44. Rc7 Rd8 45. Rxb4 Nf6 46. Rbb7 Rxd6 47. Rxf7+ Kg8 48. g5 Ne8 49. Rxh7 Rd1+ 50. Kf2 Ra1 51. Ra7 Rxa4 52. Rh8+ Kxh8 53. Rxa4 Nd6 54. Ke3 Nb5 55. Ra6 Kg7 56. Rb6 Na3 57. Rb7+ Kf8 58. Kd4 Nc2+ 59. Ke5 1-0

[Event "NAYCC U10"]
[Site "Toronto CAN"]
[Date "2013.08.17"]
[Round "6"]
[White "Yang, Kai Wen"]
[Black "Luo, Jia Yu"]
[Result "1/2-1/2"]
[WhiteElo "863"]
[BlackElo "951"]
[PlyCount "67"]
[GameId "2160767909258876"]
[EventDate "2013.08.14"]
[EventType "swiss"]
[EventRounds "9"]
[EventCountry "CAN"]
[SourceTitle "EXT 2022"]
[Source "ChessBase"]
[SourceDate "2021.10.06"]
[SourceVersion "1"]
[SourceVersionDate "2021.10.06"]
[SourceQuality "1"]

1. d4 d5 2. c4 e6 3. Nc3 Nf6 4. Bf4 c5 5. e3 b6 6. cxd5 Nxd5 7. Nxd5 exd5 8. Bb5+ Bd7 9. Bxd7+ Nxd7 10. Ne2 Be7 11. O-O O-O 12. Nc3 Nf6 13. Qf3 cxd4 14. exd4 Re8 15. Rfe1 Bd6 16. Rxe8+ Nxe8 17. Bxd6 Qxd6 18. Qxd5 Qxd5 19. Nxd5 Rd8 20. Nc3 Rxd4 21. Re1 Nf6 22. g3 h6 23. Re2 a6 24. a4 Nd5 25. Re8+ Kh7 26. Nxd5 Rxd5 27. Rb8 b5 28. axb5 axb5 29. b4 h5 30. Kf1 g6 31. Ke2 Kg7 32. Ke3 f5 33. Rb7+ Kf6 34. f4 1/2-1/2

[Event "NAYCC U10"]
[Site "Toronto CAN"]
[Date "2013.08.17"]
[Round "6"]
[White "Yaskolko, Maxim"]
[Black "Zhang, Jason S"]
[Result "0-1"]
[WhiteElo "1741"]
[BlackElo "1605"]
[PlyCount "84"]
[GameId "2160767909258877"]
[EventDate "2013.08.14"]
[EventType "swiss"]
[EventRounds "9"]
[EventCountry "CAN"]
[SourceTitle "EXT 2022"]
[Source "ChessBase"]
[SourceDate "2021.10.06"]
[SourceVersion "1"]
[SourceVersionDate "2021.10.06"]
[SourceQuality "1"]

1. e4 c5 2. Nf3 d6 3. d4 cxd4 4. Nxd4 Nf6 5. Nc3 g6 6. f3 Bg7 7. Be3 O-O 8. Qd2 Nc6 9. Bc4 Bd7 10. O-O-O Rc8 11. Bb3 Ne5 12. Qe2 a6 13. Kb1 Qa5 14. Nd5 Nxd5 15. Bxd5 b5 16. g4 Qc7 17. Rc1 Nc4 18. Bxc4 bxc4 19. c3 a5 20. Nc2 Rb8 21. Ka1 Rb7 22. Na3 Rc8 23. h4 h6 24. f4 e5 25. f5 Kh7 26. Rcf1 Be8 27. f6 Bf8 28. h5 g5 29. Qd2 Rcb8 30. Rb1 Bd7 31. Rhg1 Qc8 32. Bxg5 hxg5 33. Qxg5 d5 34. Qxe5 Rxb2 35. Rxb2 Rxb2 36. Kxb2 Bxa3+ 37. Ka1 Qc5 38. Qg3 Qb6 39. Rb1 Qxf6 40. g5 Qg7 41. Rb7 Be6 42. g6+ Kg8 0-1

[Event "NAYCC U10"]
[Site "Toronto CAN"]
[Date "2013.08.17"]
[Round "6"]
[White "Yelamarti, Shanmukh"]
[Black "Mocanu, Alexander"]
[Result "0-1"]
[WhiteElo "393"]
[BlackElo "884"]
[PlyCount "70"]
[GameId "2160767909258878"]
[EventDate "2013.08.14"]
[EventType "swiss"]
[EventRounds "9"]
[EventCountry "CAN"]
[SourceTitle "EXT 2022"]
[Source "ChessBase"]
[SourceDate "2021.10.06"]
[SourceVersion "1"]
[SourceVersionDate "2021.10.06"]
[SourceQuality "1"]

1. e4 e5 2. Nf3 Nc6 3. Bc4 h6 4. O-O Nf6 5. d3 d6 6. Re1 Be7 7. Nc3 Bd7 8. Re3 Ng4 9. Re1 Bh4 10. Nxh4 Qxh4 11. h3 Qxf2+ 12. Kh1 Nf6 13. Be3 Qh4 14. Nd5 Nxd5 15. Bxd5 Qe7 16. Rf1 O-O 17. Qh5 Be6 18. Rf3 Qd7 19. Rg3 f6 20. Bxh6 Rf7 21. Rf1 Re8 22. Rf5 Bxf5 23. Bxf7+ Qxf7 24. exf5 Qxh5 25. Rxg7+ Kh8 26. Rg6 Qxf5 27. Rg3 Qf2 28. Bg7+ Kh7 29. Kh2 Qf4 30. h4 Qxh4+ 31. Rh3 Qxh3+ 32. gxh3 Kxg7 33. h4 Kh6 34. Kh3 Rg8 35. a4 f5 0-1

[Event "NAYCC U10"]
[Site "Toronto CAN"]
[Date "2013.08.17"]
[Round "6"]
[White "Yong, Nathaniel"]
[Black "Jeyakumar, Yathushan"]
[Result "1-0"]
[WhiteElo "1014"]
[BlackElo "849"]
[PlyCount "89"]
[GameId "2160767909258879"]
[EventDate "2013.08.14"]
[EventType "swiss"]
[EventRounds "9"]
[EventCountry "CAN"]
[SourceTitle "EXT 2022"]
[Source "ChessBase"]
[SourceDate "2021.10.06"]
[SourceVersion "1"]
[SourceVersionDate "2021.10.06"]
[SourceQuality "1"]

1. e4 e5 2. Nf3 Nc6 3. Bb5 a6 4. Ba4 Nf6 5. O-O Nxe4 6. Re1 Nf6 7. Nxe5 Nxe5 8. Rxe5+ Be7 9. Qe2 c6 10. d3 d6 11. Re3 Bg4 12. f3 Nd5 13. fxg4 Nxe3 14. Bxe3 Bf6 15. Bd4+ Qe7 16. Qxe7+ Bxe7 17. Nd2 Bg5 18. Ne4 Bf4 19. Rf1 Be5 20. Bxe5 dxe5 21. Nd6+ Kd7 22. Nxf7 Rhf8 23. Nxe5+ Kd6 24. Nc4+ Kc5 25. Ne3 b5 26. Bb3 Rfe8 27. Nf5 Rf8 28. Nxg7 Rxf1+ 29. Kxf1 a5 30. c3 Rf8+ 31. Ke2 Rc8 32. h4 Kd6 33. Nf5+ Ke5 34. g3 h5 35. d4+ Kf6 36. Kf3 hxg4+ 37. Kxg4 Rf8 38. Kf4 Kg6 39. g4 Rf6 40. h5+ Kh7 41. g5 Rf8 42. g6+ Kh8 43. g7+ Kh7 44. gxf8=Q c5 45. Qg8# 1-0

[Event "NAYCC U10"]
[Site "Toronto CAN"]
[Date "2013.08.17"]
[Round "6"]
[White "Zhang, Henry"]
[Black "Guo, Ryan"]
[Result "0-1"]
[WhiteElo "1414"]
[BlackElo "1007"]
[PlyCount "112"]
[GameId "2160767909258880"]
[EventDate "2013.08.14"]
[EventType "swiss"]
[EventRounds "9"]
[EventCountry "CAN"]
[SourceTitle "EXT 2022"]
[Source "ChessBase"]
[SourceDate "2021.10.06"]
[SourceVersion "1"]
[SourceVersionDate "2021.10.06"]
[SourceQuality "1"]

1. e4 e6 2. d4 d5 3. Nc3 c5 4. Nf3 Nf6 5. e5 Ne4 6. dxc5 Nxc5 7. b4 Ncd7 8. a3 Nc6 9. Bb5 a6 10. Bxc6 bxc6 11. O-O Nb6 12. Re1 Nc4 13. Nd2 Qh4 14. Nxc4 Qxc4 15. Qd3 Qxd3 16. cxd3 Be7 17. Be3 O-O 18. Bc5 Bxc5 19. bxc5 f6 20. Na4 Rb8 21. Nb6 a5 22. d4 f5 23. Rab1 Rb7 24. Nxc8 Rxb1 25. Rxb1 Rxc8 26. Rb6 Kf7 27. g3 g5 28. Ra6 h5 29. Rxa5 Ke7 30. Ra7+ Kd8 31. Rb7 Rc7 32. Rxc7 Kxc7 33. f4 g4 34. h3 Kb7 35. hxg4 hxg4 36. Kf2 Ka6 37. Ke3 Ka5 38. Kd3 Ka4 39. Kc2 Kxa3 40. Kc3 Ka4 41. Kc2 Kb4 42. Kd3 Kb3 43. Kd2 Kc4 44. Ke3 Kc3 45. Ke2 Kxd4 46. Kd2 Kxc5 47. Kd3 d4 48. Kd2 Kc4 49. Kc2 Kb4 50. Kd3 c5 51. Kc2 c4 52. Kd2 c3+ 53. Kc1 Kb3 54. Kb1 d3 55. Ka1 d2 56. Kb1 d1=Q# 0-1

[Event "NAYCC U10"]
[Site "Toronto CAN"]
[Date "2013.08.17"]
[Round "6"]
[White "Zheng, Ethan"]
[Black "Surya, Benito"]
[Result "1/2-1/2"]
[WhiteElo "1237"]
[BlackElo "1619"]
[PlyCount "57"]
[GameId "2160767909258881"]
[EventDate "2013.08.14"]
[EventType "swiss"]
[EventRounds "9"]
[EventCountry "CAN"]
[SourceTitle "EXT 2022"]
[Source "ChessBase"]
[SourceDate "2021.10.06"]
[SourceVersion "1"]
[SourceVersionDate "2021.10.06"]
[SourceQuality "1"]

1. d4 d5 2. c4 e6 3. Nc3 Nf6 4. a3 c5 5. e3 Nc6 6. Nf3 Be7 7. Be2 O-O 8. O-O a6 9. h3 h6 10. Re1 Ne4 11. Bd2 Nxd2 12. Qxd2 dxc4 13. Bxc4 b5 14. Ba2 Bb7 15. d5 exd5 16. Nxd5 Rc8 17. Nxe7+ Qxe7 18. Rac1 Rfd8 19. Qc2 Na7 20. Bb1 g6 21. b3 Qe6 22. Kh2 Qd6+ 23. Kg1 Qe6 24. Kh2 Qf6 25. Qe2 Qe6 26. Qc2 Qf6 27. Qe2 Qe6 28. Qc2 Qd6+ 29. Kg1 1/2-1/2

[Event "NAYCC U10"]
[Site "Toronto CAN"]
[Date "2013.08.17"]
[Round "7"]
[White "Atanasov, David"]
[Black "Tang, Daniel"]
[Result "1/2-1/2"]
[WhiteElo "1076"]
[BlackElo "933"]
[PlyCount "57"]
[GameId "2160767909258882"]
[EventDate "2013.08.14"]
[EventType "swiss"]
[EventRounds "9"]
[EventCountry "CAN"]
[SourceTitle "hb 2013"]

1. d4 d5 2. c4 c6 3. Nc3 Nf6 4. Nf3 Bf5 5. e3 e6 6. Be2 c5 7. O-O Be7 8. b3 Nc6 9. Bb2 O-O 10. g3 Qc7 11. Bd3 Bxd3 12. Qxd3 Nb4 13. Qd2 h6 14. a3 Nc6 15. Nb5 Qd7 16. Ne5 Nxe5 17. dxe5 Ne4 18. Qd3 Qc6 19. cxd5 Qxd5 20. Qxd5 exd5 21. Rad1 c4 22. Rxd5 cxb3 23. Nd4 Rac8 24. Rc1 Rxc1+ 25. Bxc1 Rc8 26. Nxb3 Rc3 27. Rb5 b6 28. Bb2 Rc2 29. f3 1/2-1/2

[Event "NAYCC U10"]
[Site "Toronto CAN"]
[Date "2013.08.17"]
[Round "7"]
[White "Atanasov, Dimitar"]
[Black "Atchuthananthan, Arun"]
[Result "1/2-1/2"]
[WhiteElo "916"]
[BlackElo "1032"]
[PlyCount "57"]
[GameId "2160767909258883"]
[EventDate "2013.08.14"]
[EventType "swiss"]
[EventRounds "9"]
[EventCountry "CAN"]
[SourceTitle "hb 2013"]

1. e4 d5 2. exd5 Qxd5 3. Nc3 Qd6 4. d4 Nf6 5. Nf3 a6 6. Be2 e6 7. Bg5 Be7 8. O-O h6 9. Bh4 O-O 10. Bg3 Qd8 11. Re1 Bb4 12. a3 Be7 13. Qd2 Nc6 14. Rad1 Qd7 15. d5 exd5 16. Nxd5 Nxd5 17. Qxd5 Qxd5 18. Rxd5 Bd8 19. Bc4 Be6 20. Rxd8 Raxd8 21. Bxe6 fxe6 22. Bxc7 Rd7 23. Bg3 Re8 24. h3 Nd4 25. Nxd4 Rxd4 26. Re2 b5 27. c3 Rc4 28. Re1 a5 29. Re5 1/2-1/2

[Event "NAYCC U10"]
[Site "Toronto CAN"]
[Date "2013.08.17"]
[Round "7"]
[White "Brumund, Matthias"]
[Black "Miranda-Radbord, Cameron"]
[Result "0-1"]
[WhiteElo "916"]
[BlackElo "709"]
[PlyCount "32"]
[GameId "2160767909258884"]
[EventDate "2013.08.14"]
[EventType "swiss"]
[EventRounds "9"]
[EventCountry "CAN"]
[SourceTitle "hb 2013"]

1. e4 e5 2. Nf3 Nc6 3. Bb5 d6 4. O-O Bd7 5. Nc3 Nf6 6. d3 Be7 7. Be3 O-O 8. a4 Qc8 9. h3 Bxh3 10. gxh3 Qxh3 11. Ng5 Qh4 12. b3 Ng4 13. Nf3 Qh3 14. Rc1 Bg5 15. Bxg5 Nd4 16. Ne2 Nxf3# 0-1

[Event "NAYCC U10"]
[Site "Toronto CAN"]
[Date "2013.08.17"]
[Round "7"]
[White "Ceastov, Denis"]
[Black "Ekzhanov, Sergey"]
[Result "0-1"]
[WhiteElo "248"]
[BlackElo "964"]
[PlyCount "32"]
[GameId "2160767909258885"]
[EventDate "2013.08.14"]
[EventType "swiss"]
[EventRounds "9"]
[EventCountry "CAN"]
[SourceTitle "hb 2013"]

1. d4 d5 2. c4 e6 3. cxd5 exd5 4. Nc3 Nc6 5. Bf4 Bd6 6. Bxd6 Qxd6 7. Qa4 Qb4 8. Qc2 Nf6 9. Nf3 O-O 10. e3 Ne4 11. Bd3 Bf5 12. O-O g6 13. Bxe4 dxe4 14. Ng5 Qe7 15. f4 exf3 16. h4 Bxc2 0-1

[Event "NAYCC U10"]
[Site "Toronto CAN"]
[Date "2013.08.17"]
[Round "7"]
[White "Corvera Choi, Kemos"]
[Black "Chan, Eric"]
[Result "0-1"]
[WhiteElo "1667"]
[BlackElo "1571"]
[PlyCount "56"]
[GameId "2160767909258886"]
[EventDate "2013.08.14"]
[EventType "swiss"]
[EventRounds "9"]
[EventCountry "CAN"]
[SourceTitle "hb 2013"]

1. e4 c5 2. Nf3 d6 3. d4 cxd4 4. Nxd4 Nf6 5. Nc3 g6 6. Be3 Bg7 7. f3 O-O 8. Qd2 Nc6 9. Bc4 Bd7 10. O-O-O Ne5 11. Bb3 Rc8 12. g4 Nc4 13. Bxc4 Rxc4 14. h4 Qa5 15. h5 Rfc8 16. Nde2 b5 17. hxg6 fxg6 18. Bh6 b4 19. Bxg7 bxc3 20. Nxc3 Kxg7 21. Qh6+ Kg8 22. g5 Rxc3 23. bxc3 Qxc3 24. Qh2 Qa1+ 25. Kd2 Qc3+ 26. Kc1 Qe3+ 27. Qd2 Qa3+ 28. Kb1 Rb8+ 0-1

[Event "NAYCC U10"]
[Site "Toronto CAN"]
[Date "2013.08.17"]
[Round "7"]
[White "Demers, Alexis"]
[Black "Wang, Frank2"]
[Result "0-1"]
[WhiteElo "1181"]
[BlackElo "1374"]
[PlyCount "48"]
[GameId "2160767909258887"]
[EventDate "2013.08.14"]
[EventType "swiss"]
[EventRounds "9"]
[EventCountry "CAN"]
[SourceTitle "hb 2013"]

1. d4 d5 2. c4 Nc6 3. Nc3 Nf6 4. Bf4 e6 5. a3 dxc4 6. Nf3 Bd6 7. Bxd6 cxd6 8. e4 d5 9. Qe2 O-O 10. g3 dxe4 11. Nxe4 Nxd4 12. Nxf6+ Qxf6 13. Nxd4 Qxd4 14. Qxc4 Qxb2 15. Qc1 Qe5+ 16. Be2 b6 17. f4 Qe4 18. Rf1 Ba6 19. Rf2 Rad8 20. Ra2 Rd7 21. Rd2 Rfd8 22. Rxd7 Rxd7 23. h4 Rd8 24. h5 Bxe2 0-1